| 000 | 00779nam a2200253Ia 4500 | ||
|---|---|---|---|
| 003 | OSt | ||
| 005 | 20220928121450.0 | ||
| 006 | a|||||r|||| 00| 0 | ||
| 007 | ta | ||
| 008 | 220927b |||||||| |||| 00| 0 eng d | ||
| 020 | _c7335.8999999999996 | ||
| 024 | _a101017 | ||
| 037 |
_b388, 23/09/2009, Pioneer Book Distributors _cTextual |
||
| 040 |
_aSDCL _cSDCL _beng |
||
| 041 |
_2eng _aeng |
||
| 082 | _aV4436:51'N47, N6 | ||
| 100 | _aTalbot Ian | ||
| 245 | 0 | _aKhizr Tiwana, the Punjab Unionist party and the partition of India. | |
| 260 |
_aSurrey _bRoutledge _c1996 |
||
| 300 |
_axiii,193p _ccm. |
||
| 650 | _aHistory | ||
| 942 |
_hV4436:51'N47, N6 _cTEXL _2CC |
||
| 999 |
_c766666 _d766666 |
||